Statistiques concernant N° 1 du Top 50 en 1993

Cliquez ici pour prendre le quiz!

Statistiques générales

  • Ce quiz a été pris 28 fois
  • Le résultat moyen est 7 sur 9

Statistiques - réponses

HintRéponse% Correct
I will always love youWhitney Houston
100%
Dur dur d'être bébé !Jordy
96%
Mets de l'huileRegg'Lyss
81%
Living on my ownFreddie Mercury
78%
No limit2 Unlimited
74%
Darla dirladadaLes G.O. Cul-ture
74%
What is loveHaddaway
67%
Encores (EP)Dire Straits
52%
AlisonJordy
44%

Distribution des résultats

Percentile par nombre de réponses

% des personnes avec chaque résultat

Votre développement - résultats

Vous n’avez pas pris ce quiz